| 000 | 00449nam a22001337a 4500 | ||
|---|---|---|---|
| 040 | _cNust | ||
| 082 |
_a297.1227 _bMUH |
||
| 100 | _aMufti Muhammad Shafi | ||
| 245 | _aمعارف القرآن | ||
| 250 | _aجلد دوئم, جلد سوئم, جلد چھارم, جلد پنجم, جلد ششم, جلد حفتم, جلد ہشتم | ||
| 260 |
_aKarachi: _bIdarat Ul Muarif, _c2000. |
||
| 650 |
_aمعارف القرآن _9126022 |
||
| 942 |
_2ddc _cBK |
||
| 999 |
_c611777 _d611777 |
||